• 首页
  • 本馆介绍
  • 公告通知
  • 最新文献
  • 馆藏检索
  • 电子资源
  • 读者导购
  • 参考咨询
  • 我的图书馆
  • 登录
  • 详细信息显示
  • 放入我的书架
  • 预约/预借图书
  • 作者相关作品
  • 分类相关作品
  • 丛书相关作品
  • 出版社相关作品

书目信息

  • 表格格式
  • 工作单格式
  • 卡片格式
题名:
设计问题
    
 
作者: 布朗 主编 ;辛向阳 , 孙志祥 , 代福平 译
分册: 第一辑  
出版信息: 北京   清华大学出版社  2016.05
页数: 208页
开本: 24cm
丛书名: 设计思想论丛
单 册:
中图分类: J06-53
科图分类:
主题词: 艺术--设计--文集
电子资源:
ISBN: 978-7-302-42581-6
000 01242oam2 2200325 450
001 0120161849938
005 20170418144119.71
010    @a978-7-302-42581-6@b精装@dCNY65.00
100    @a20160616d2016 em y0chiy50 ea
101 1  @achi@ceng
102    @aCN@b110000
105    @aak z 000yy
106    @ar
200 1  @a设计问题@9she ji wen ti@h第一辑@f(美)布鲁斯·布朗[等]主编@g辛向阳,孙志祥,代福平译
210    @a北京@c清华大学出版社@d2016.05
215    @a208页@c图@d24cm
225 2  @a设计思想论丛
304    @a英文共同题名:Design issues
304    @a主编还有:(美)理查德·布坎南,(美)卡尔·迪桑沃,(美)丹尼斯·当丹,(美)维克多·马格林
330    @a《设计问题》(Design issues)是国际设计研究领域的著名学术刊物,主要刊登设计历史、设计理念、设计批评方面的援救论文,在国际设计领域有很大影响力。本书为《设计问题》第一辑选择自Design issues2013年的重要文章。
333    @a艺术理论研究人员
461  0 @12001 @a设计思想论丛
606 0  @a艺术@x设计@j文集
690    @aJ06-53@v5
701  1 @c(美)@a布朗@9bu lang@b布鲁斯@4主编
702  0 @a辛向阳@9xin xiang yang@4译
702  0 @a孙志祥@9sun zhi xiang@4译
702  0 @a代福平@9dai fu ping@4译
801  0 @aCN@b人天书店@c20160616
905    @b985601-04@dJ06-53@e358:1@f4
    
    设计问题.第一辑/(美)布鲁斯·布朗[等]主编/辛向阳,孙志祥,代福平译.-北京:清华大学出版社,2016.05
    208页:图;24cm.-(设计思想论丛)
    使用对象:艺术理论研究人员
    
    ISBN 978-7-302-42581-6(精装):CNY65.00
    《设计问题》(Design issues)是国际设计研究领域的著名学术刊物,主要刊登设计历史、设计理念、设计批评方面的援救论文,在国际设计领域有很大影响力。本书为《设计问题》第一辑选择自Design issues2013年的重要文章。
●
相关链接 在E读中查询图书 在五车中查询图书 在当当中查询图书 在豆瓣中查询图书


正题名:设计问题     索取号:J06-53/358:1         预约/预借

序号 登录号 条形码 馆藏地/架位号 状态 备注
1 985601   209856011   第一样本阅览室/ [索取号:J06-53/358:1] 在馆    
2 985602   209856020   第一借阅区/ [索取号:J06-53/358:1] 在馆    
3 985603   209856039   第一借阅区/ [索取号:J06-53/358:1] 在馆    
4 985604   209856048   密集书库-美术系/ [索取号:J06-53/358:1] 在馆    
唐山师范学院图书馆 欢迎您!
大连网信软件有限公司© 版权所有